000 00305nam a22001337a 4500
008 170602b xxu||||| |||| 00| 0 eng d
020 _a9780805074420
041 _aeng
080 _a94(7/8)
100 _a17
101 _aSHH
245 _aA HISTORY OF AMERICAN SECULARISM
_cJACOBY, S
942 _2udc
_cBK
999 _c15694
_d15694